000 00452nam a2200157 i 4500
001 76286
003 ES-MaACL
005 20230906172803.0
007 t|
008 040930s1999 it ||||1| ita d
100 1 _aGroppali, Alessandro.
_960149
245 1 2 _aI fondamenti giuridici del solidarismo /
_cAlessandro Groppali.
260 _a[S.l. :
_bs.n.,
_c1914] (
_eCremona :
_fTip. Sociale)
300 _a264 p. ;
_c20 cm.
852 _aES-MaACL
_jF-8749
999 _c76286
_d76286